00993nam a2200229 i 450000500170000000800410001702000120005804000240007004100080009404300120010208200170011410000270013124502330015826000430039130000780043450400420051265000380055465000380059265000490063070000450067970000390072420191224041509.0910912s1990 ck ab b 000 0 spa c z9138632 aTxUcTxUdCO-BoIAVH0 aspa as-ck---04a577.34bS56s1 aShultes, Richard Evans10aSelva humeda de Colombia /ctextos, Richard Evans Schultes y (otros tres autores) ; fotografías, Diego Miguel Garcés y (otros cinco fotógrafos) ; diseño y edición, Benjamín Villegas Jiménez, Cristina Uribe Hurtado. aBogotá : bVillegas Editores,c1990. a198 páginas : bilustraciones, fotografías y mapas a color ; c34 cm. aIncluye referencias bibliográficas.14aEcología de la selvazColombia.24aSelvaxObras ilustradaszColombia24aHistoria naturalzColombiaxObras ilustradas1 aVillegas Jiménez, Benjamín.eeditor.1 aUribe Hurtado, Cristina.eeditora.